Brandon Lake Songs Quiz - Statistics

General Stats
  • This quiz has been taken 78 times
  • The average score is 29 of 65
Answer Stats
Answer % Correct
Gratitude
87%
Graves Into Gardens
74%
Count 'Em
65%
Daddy's DNA
65%
Hard Fought Hallelujah
65%
HELP!
65%
King Of Hearts
65%
Plans
61%
Sevens
61%
That's Who I Praise
61%
Adoption Song
57%
Closer
57%
Coat Of Many Colors
57%
House Of Miracles
57%
As For Me & My Home
52%
Fear Is Not My Future
52%
I Know A Name
52%
Miracle Child
52%
Tear Off The Roof
52%
But God
48%
RATTLE!
48%
The Great I Am Can
48%
The Half Has Not Been Told
48%
Don't You Give Up On Me
43%
Holy Are You Lord
43%
I Need A Ghost
43%
I Prophesy
43%
Jesus Be Praised
43%
Just Like Heaven
43%
Kids
43%
Palm Of Your Hand
43%
Praise You Anywhere
43%
SAVE ME
43%
Spare Change
43%
Temple
43%
Watch This!
43%
Always Holding On
39%
Lost In Your Love
39%
Meant For Good
39%
Nothing New
39%
Pharaoh (Let My People Go)
39%
Remember the Miracles
39%
Right In The Middle
39%
Running To The Light
39%
So Close
39%
Son Of Heaven
39%
Country Psalm
35%
Ghost Stories
35%
God Is Not Against Me
35%
Hard Year
35%
I'm With You Now
35%
More
35%
Run To You
35%
The Garden
35%
Turnaround
35%
Wildflowers
35%
Wild For Me
35%
Come To The River
30%
I Have Found
30%
Kingdom First
30%
Search My Heart
30%
Spirit of the Living God
30%
Thank You
30%
Thank You
30%
My Anchor Holds
26%
No matching quizzes found
Score Distribution
Percent of People with Each Score
Percentile by Number Answered
Your Score History
You have not taken this quiz